[Event "World Junior U20 Girls 2018"]
[Site "Gebze"]
[Date "2018.09.05"]
[Round "1"]
[White "Bail, Ellen Larissa"]
[Black "Pychova, Nela"]
[Result "0-1"]
[WhiteElo "1832"]
[BlackElo "2173"]
[Annotator "NA"]
[PlyCount "109"]
[EventDate "2018.09.05"]
[EventType "swiss"]
[EventCountry "TUR"]
[SourceTitle "playchess.com"]
[Source "ChessBase"]
[SourceQuality "1"]
[TimeControl "40/5400+30:1800+30"]

1. Nf3 Nf6 2. c4 e6 3. g3 Be7 4. Bg2 O-O 5. O-O d5 6. d4 c6 7. Nc3 Nbd7 8. cxd5 exd5 9. Rb1 a5 10. a3 Nb6 11. b4 Nc4 12. Nd2 axb4 13. axb4 Bf5 14. Rb3 {[%emt 1:03:00]} b5 {[%emt 1:04:00]} 15. Re1 {[%emt 0:00:30]} Qb6 {[%emt 0:05:30]} 16. e4 {[%emt 0:11:30]} Bg4 {[%emt 0:08:30]} 17. Nf3 {[%emt 0:00:30]} dxe4 {[%emt 0:09:30]} 18. Nxe4 {[%emt 0:00:30]} Nd5 {[%emt 0:00:13]} 19. Nc5 {[%emt 0:04:10]} Ra2 {[%emt 0:02:18]} 20. h3 {[%emt 0:01:55]} Bf5 {[%emt 0:01:06]} 21. Re2 {[%emt 0:02:17]} Ra1 {[%emt 0:00:59]} 22. Qe1 {[%emt 0:06:29]} Qc7 {[%emt 0:04:11]} 23. Ne5 {[%emt 0:07:48]} Bf6 {[%emt 0:02:54]} 24. Nf3 {[%emt 0:00:38]} h6 {[%emt 0:00:30]} 25. Kh2 {[%emt 0:00:30]} Qc8 {[%emt 0:00:30]} 26. Ne4 {[%emt 0:00:30]} Be7 {[%emt 0:00:30]} 27. Nc5 {[%emt 0:00:30]} Bd6 {[%emt 0:00:47]} 28. Nh4 {[%emt 0:00:50]} Bh7 {[%emt 0:01:14]} 29. Nf3 {[%emt 0:02:11]} Nf4 {[%emt 0:01:09]} 30. Ree3 {[%emt 0:00:39]} Nxe3 {[%emt 0:00:26]} 31. Rxe3 {[%emt 0:00:57]} Nd5 {[%emt 0:00:13]} 32. Re2 {[%emt 0:00:00]} Qd8 {[%emt 0:00:54]} 33. Qd2 {[%emt 0:00:35]} Nxb4 {[%emt 0:00:20]} 34. Bb2 {[%emt 0:00:24]} Bxc5 {[%emt 0:00:41]} 35. Bxa1 {[%emt 0:00:21]} Bd6 {[%emt 0:00:13]} 36. Bc3 {[%emt 0:01:07]} Nd5 {[%emt 0:00:07]} 37. Ba5 {[%emt 0:00:00]} Qc8 {[%emt 0:01:08]} 38. Ne5 {[%emt 0:00:08]} Bf5 {[%emt 0:00:33]} 39. Re1 {[%emt 0:00:16]} Be6 {[%emt 0:00:26]} 40. Nd3 {[%emt 0:00:00]} Qa6 {[%emt 0:00:00]} 41. Nc5 {[%emt 0:10:15]} Bxc5 {[%emt 0:02:38]} 42. dxc5 {[%emt 0:00:30]} Qa7 {[%emt 0:03:30]} 43. Bxd5 {[%emt 0:02:30]} Bxd5 {[%emt 0:00:30]} 44. Bc3 {[%emt 0:07:23]} Qa4 {[%emt 0:03:30]} 45. Re5 {[%emt 0:01:30]} Qc4 {[%emt 0:02:30]} 46. Kg1 {[%emt 0:04:37]} Rb8 {[%emt 0:03:58]} 47. Re1 {[%emt 0:04:34]} Qxc5 {[%emt 0:03:25]} 48. Qf4 {[%emt 0:01:03]} Ra8 {[%emt 0:03:43]} 49. Bd4 {[%emt 0:01:31]} Qf8 {[%emt 0:00:51]} 50. Rc1 {[%emt 0:01:16]} Rc8 {[%emt 0:03:36]} 51. Bc5 {[%emt 0:01:08]} Qe8 {[%emt 0:00:10]} 52. Qg4 {[%emt 0:00:00]} Be6 {[%emt 0:00:36]} 53. Qf3 {[%emt 0:00:54]} Qd7 {[%emt 0:02:04]} 54. Kg2 {[%emt 0:00:30]} Rd8 {[%emt 0:01:11]} 55. Bb4 {[%emt 0:00:55]} 0-1

[Event "World Junior U20 Girls 2018"]
[Site "Gebze"]
[Date "2018.09.05"]
[Round "1"]
[White "Duran, Esma Doga"]
[Black "Du, Yuxin"]
[Result "1/2-1/2"]
[WhiteElo "1825"]
[BlackElo "2146"]
[Annotator "NA"]
[PlyCount "88"]
[EventDate "2018.09.05"]
[EventType "swiss"]
[EventCountry "TUR"]
[SourceTitle "playchess.com"]
[Source "ChessBase"]
[SourceQuality "1"]
[TimeControl "40/5400+30:1800+30"]

1. d4 Nf6 2. Nf3 e6 3. c4 b6 4. g3 Bb7 5. Bg2 Be7 6. O-O O-O 7. Nc3 Ne4 8. Nxe4 Bxe4 9. b3 Bf6 10. Bb2 c5 11. Qd2 d6 12. Rad1 Qe7 13. Ne1 Bxg2 14. Nxg2 {[%emt 1:00:00]} Rd8 {[%emt 1:10:00]} 15. e4 {[%emt 0:03:30]} Nc6 {[%emt 0:02:30]} 16. d5 {[%emt 0:01:30]} Nd4 {[%emt 0:06:04]} 17. Bxd4 {[%emt 0:02:30]} Bxd4 {[%emt 0:00:32]} 18. Ne3 {[%emt 0:04:30]} exd5 {[%emt 0:05:47]} 19. exd5 {[%emt 0:13:32]} Qf6 {[%emt 0:04:42]} 20. Qd3 {[%emt 0:03:54]} g6 {[%emt 0:02:17]} 21. Kg2 {[%emt 0:01:05]} Re8 {[%emt 0:02:03]} 22. Nc2 {[%emt 0:00:42]} Bc3 {[%emt 0:02:20]} 23. Ne3 {[%emt 0:01:17]} Re7 {[%emt 0:01:52]} 24. Rc1 {[%emt 0:03:22]} Bd4 {[%emt 0:01:59]} 25. Nc2 {[%emt 0:02:30]} Rae8 {[%emt 0:00:30]} 26. Nxd4 {[%emt 0:00:30]} Qxd4 {[%emt 0:00:30]} 27. Qxd4 {[%emt 0:00:30]} cxd4 {[%emt 0:00:00]} 28. Rfd1 {[%emt 0:03:27]} Re2 {[%emt 0:00:49]} 29. Rxd4 {[%emt 0:00:29]} Rxa2 {[%emt 0:00:17]} 30. Rd3 {[%emt 0:01:00]} Ree2 {[%emt 0:00:41]} 31. Rf3 {[%emt 0:00:10]} f5 {[%emt 0:01:43]} 32. Rcc3 {[%emt 0:00:44]} Kf7 {[%emt 0:00:47]} 33. g4 {[%emt 0:00:13]} Kf6 {[%emt 0:00:36]} 34. gxf5 {[%emt 0:00:30]} gxf5 {[%emt 0:00:30]} 35. Rce3 {[%emt 0:00:00]} Rab2 {[%emt 0:00:26]} 36. Rxe2 {[%emt 0:00:33]} Rxe2 {[%emt 0:00:06]} 37. Rh3 {[%emt 0:00:50]} Re7 {[%emt 0:00:47]} 38. Kf3 {[%emt 0:00:38]} a6 {[%emt 0:00:37]} 39. Rh6+ {[%emt 0:00:46]} Ke5 {[%emt 0:00:17]} 40. Ke3 {[%emt 0:00:47]} f4+ {[%emt 0:00:00]} 41. Kd3 {[%emt 0:04:01]} b5 {[%emt 0:07:48]} 42. Rh5+ {[%emt 0:00:30]} Kf6 {[%emt 0:00:30]} 43. Rh6+ {[%emt 0:00:00]} Ke5 {[%emt 0:00:00]} 44. Rh5+ {[%emt 0:01:00]} Kf6 {[%emt 0:00:00]} 1/2-1/2

[Event "World Junior U20 Girls 2018"]
[Site "Gebze"]
[Date "2018.09.05"]
[Round "1"]
[White "Caxita, Esperanca"]
[Black "Wafa, Shahenda"]
[Result "0-1"]
[WhiteElo "1803"]
[BlackElo "2129"]
[Annotator "NA"]
[PlyCount "75"]
[EventDate "2018.09.05"]
[EventType "swiss"]
[EventCountry "TUR"]
[SourceTitle "playchess.com"]
[Source "ChessBase"]
[SourceQuality "1"]
[TimeControl "40/5400+30:1800+30"]

1. e4 c5 2. Nf3 Nc6 3. Nc3 g6 4. d4 cxd4 5. Nxd4 Bg7 6. Be3 Nf6 7. f3 O-O 8. Bc4 Qb6 9. b3 Nxe4 10. Nd5 Qa5+ 11. b4 Nxb4 12. Nxe7+ Kh8 13. O-O Nd6 14. Be2 Qe5 {[%emt 0:41:00]} 15. Nxg6+ {[%emt 1:26:09]} fxg6 {[%emt 0:00:30]} 16. Bf2 {[%emt 0:01:32]} Nc6 {[%emt 0:02:30]} 17. Nb3 {[%emt 0:03:30]} Nf5 {[%emt 0:02:30]} 18. Re1 {[%emt 0:00:45]} Qf6 {[%emt 0:06:30]} 19. Qd2 {[%emt 0:02:11]} d6 {[%emt 0:03:30]} 20. Rad1 {[%emt 0:00:54]} Be6 {[%emt 0:01:30]} 21. Qf4 {[%emt 0:00:30]} Bxb3 {[%emt 0:03:30]} 22. axb3 {[%emt 0:01:20]} Nfd4 {[%emt 0:01:30]} 23. Qd2 {[%emt 0:00:23]} Nxe2+ {[%emt 0:01:30]} 24. Rxe2 {[%emt 0:00:10]} Rad8 {[%emt 0:00:30]} 25. Qd5 {[%emt 0:01:01]} Qf5 {[%emt 0:01:30]} 26. Qc4 {[%emt 0:00:30]} Ne5 {[%emt 0:02:30]} 27. Qd5 {[%emt 0:02:06]} b6 {[%emt 0:00:30]} 28. Bg3 {[%emt 0:01:15]} Qc8 {[%emt 0:02:30]} 29. Kh1 {[%emt 0:00:40]} Rf5 {[%emt 0:00:30]} 30. Qe4 {[%emt 0:00:25]} Rff8 {[%emt 0:07:30]} 31. Qa4 {[%emt 0:00:36]} a5 {[%emt 0:01:30]} 32. Bf2 {[%emt 0:00:28]} Qb7 {[%emt 0:05:51]} 33. Qb5 {[%emt 0:00:11]} Qc6 {[%emt 0:01:57]} 34. Qxc6 {[%emt 0:00:35]} Nxc6 {[%emt 0:00:05]} 35. Bxb6 {[%emt 0:00:00]} Rd7 {[%emt 0:02:51]} 36. Rd5 {[%emt 0:01:01]} Ra8 {[%emt 0:03:27]} 37. h3 {[%emt 0:01:15]} Kg8 {[%emt 0:00:39]} 38. Red2 {[%emt 0:01:33]} 0-1

[Event "World Junior U20 Girls 2018"]
[Site "Gebze"]
[Date "2018.09.05"]
[Round "1"]
[White "Anacoglu, Cisel"]
[Black "Serikbay, Assel"]
[Result "0-1"]
[WhiteElo "1791"]
[BlackElo "2125"]
[Annotator "NA"]
[PlyCount "82"]
[EventDate "2018.09.05"]
[EventType "swiss"]
[EventCountry "TUR"]
[SourceTitle "playchess.com"]
[Source "ChessBase"]
[SourceQuality "1"]
[TimeControl "40/5400+30:1800+30"]

1. e4 c5 2. Nf3 e6 3. d4 cxd4 4. Nxd4 a6 5. c4 Nf6 6. Nc3 Qc7 7. Be2 Nc6 8. O-O Bd6 9. Kh1 Bf4 10. Bxf4 Qxf4 11. g3 Qc7 12. f4 d6 13. Nxc6 bxc6 14. Qd3 Bb7 15. Bf3 O-O 16. Rad1 Rad8 17. Rd2 Rd7 18. Rfd1 Rfd8 {[%emt 0:51:00]} 19. Qe3 {[%emt 1:24:10]} h6 {[%emt 0:04:30]} 20. Na4 {[%emt 0:07:30]} c5 {[%emt 0:03:30]} 21. a3 {[%emt 0:07:47]} Bc6 {[%emt 0:02:30]} 22. Nc3 {[%emt 0:00:01]} Qb7 {[%emt 0:00:30]} 23. Qe2 {[%emt 0:01:27]} Qb3 {[%emt 0:05:30]} 24. Kg2 {[%emt 0:00:28]} Ne8 {[%emt 0:01:30]} 25. e5 {[%emt 0:00:04]} Bxf3+ {[%emt 0:04:30]} 26. Kxf3 {[%emt 0:00:30]} Qb7+ {[%emt 0:00:30]} 27. Qe4 {[%emt 0:00:30]} Qc7 {[%emt 0:00:30]} 28. Ke3 {[%emt 0:00:30]} dxe5 {[%emt 0:00:30]} 29. Qxe5 {[%emt 0:00:30]} Nd6 {[%emt 0:00:30]} 30. Rxd6 {[%emt 0:00:30]} Rxd6 {[%emt 0:00:30]} 31. Ne4 {[%emt 0:00:30]} f6 {[%emt 0:00:30]} 32. Qxd6 {[%emt 0:00:30]} Rxd6 {[%emt 0:00:30]} 33. Nxd6 {[%emt 0:00:30]} f5 {[%emt 0:00:30]} 34. g4 {[%emt 0:00:30]} g6 {[%emt 0:00:30]} 35. g5 {[%emt 0:00:30]} hxg5 {[%emt 0:00:30]} 36. fxg5 {[%emt 0:00:30]} Kf8 {[%emt 0:00:30]} 37. h4 {[%emt 0:00:30]} Qh7 {[%emt 0:00:30]} 38. Rh1 {[%emt 0:00:30]} e5 {[%emt 0:00:30]} 39. Nc8 {[%emt 0:00:30]} Qc7 {[%emt 0:00:30]} 40. h5 {[%emt 0:00:30]} Qxc8 {[%emt 0:00:30]} 41. hxg6 {[%emt 0:30:30]} Kg7 {[%emt 0:11:30]} 0-1

[Event "World Junior U20 Girls 2018"]
[Site "Gebze"]
[Date "2018.09.05"]
[Round "1"]
[White "De Silva, Tenara"]
[Black "Ozbay, Ece"]
[Result "1/2-1/2"]
[WhiteElo "1764"]
[BlackElo "2114"]
[Annotator "NA"]
[PlyCount "131"]
[EventDate "2018.09.05"]
[EventType "swiss"]
[EventCountry "TUR"]
[SourceTitle "playchess.com"]
[Source "ChessBase"]
[SourceQuality "1"]
[TimeControl "40/5400+30:1800+30"]

1. e4 c5 2. Nf3 e6 3. d4 cxd4 4. Nxd4 Nc6 5. c4 Nf6 6. f3 Qc7 7. Nc3 Nxd4 8. Qxd4 Bc5 9. Qd3 d6 10. a3 a5 11. Bf4 Bd7 12. Rd1 Qb6 13. Bxd6 Bxd6 14. Qxd6 Qxb2 15. Qd2 Qxd2+ 16. Rxd2 O-O-O 17. e5 Ne8 18. c5 f6 19. f4 fxe5 20. fxe5 Rf8 21. Bc4 Rf4 22. Bb3 Nc7 23. Rf1 Rdf8 24. Rdf2 Rxf2 25. Rxf2 Rxf2 26. Kxf2 Bc6 27. Bc4 Kd7 28. g3 Bd5 29. Bd3 Kc6 30. Bxh7 Kxc5 {[%emt 1:00:00]} 31. Ke3 {[%emt 1:14:30]} Nb5 {[%emt 0:10:30]} 32. Na4+ {[%emt 0:05:30]} Kc6 {[%emt 0:01:30]} 33. Bg6 {[%emt 0:00:30]} Nxa3 {[%emt 0:00:30]} 34. Be8+ {[%emt 0:00:30]} Kc7 {[%emt 0:00:30]} 35. Nc3 {[%emt 0:00:30]} Bc4 {[%emt 0:00:30]} 36. Kd4 {[%emt 0:02:30]} b5 {[%emt 0:02:30]} 37. Kc5 {[%emt 0:00:30]} b4 {[%emt 0:01:30]} 38. Na4 {[%emt 0:01:30]} Bd5 {[%emt 0:03:30]} 39. Nb2 {[%emt 0:02:30]} b3 {[%emt 0:04:30]} 40. Ba4 {[%emt 0:00:00]} Kb7 {[%emt 0:00:00]} 41. Bb5 {[%emt 0:09:00]} Kc7 {[%emt 0:13:00]} 42. Be8 {[%emt 0:09:30]} Nc2 {[%emt 0:02:30]} 43. Kb5 {[%emt 0:02:30]} Kd8 {[%emt 0:03:30]} 44. Bh5 {[%emt 0:00:30]} Nd4+ {[%emt 0:00:30]} 45. Kxa5 {[%emt 0:00:30]} Nc6+ {[%emt 0:00:00]} 46. Ka4 {[%emt 0:00:30]} Nxe5 {[%emt 0:00:00]} 47. Bd1 {[%emt 0:00:30]} Ke7 {[%emt 0:05:30]} 48. Bxb3 {[%emt 0:01:30]} Bxb3+ {[%emt 0:01:30]} 49. Kxb3 {[%emt 0:00:30]} Nf3 {[%emt 0:00:30]} 50. h3 {[%emt 0:01:30]} Nd2+ {[%emt 0:00:30]} 51. Kc2 {[%emt 0:00:30]} Ne4 {[%emt 0:00:30]} 52. Kd3 {[%emt 0:01:30]} Nxg3 {[%emt 0:00:30]} 53. Ke3 {[%emt 0:00:30]} Nf5+ {[%emt 0:00:30]} 54. Kf4 {[%emt 0:00:30]} Kf6 {[%emt 0:00:30]} 55. Nd3 {[%emt 0:00:30]} g5+ {[%emt 0:02:30]} 56. Kg4 {[%emt 0:00:30]} Ne3+ {[%emt 0:00:30]} 57. Kf3 {[%emt 0:00:30]} Nc4 {[%emt 0:00:30]} 58. Kg3 {[%emt 0:02:30]} Kf5 {[%emt 0:01:30]} 59. h4 {[%emt 0:01:30]} g4 {[%emt 0:00:00]} 60. h5 {[%emt 0:00:30]} Nd6 {[%emt 0:03:00]} 61. Nf2 {[%emt 0:01:30]} Kg5 {[%emt 0:02:30]} 62. Nxg4 {[%emt 0:00:30]} Nf5+ {[%emt 0:00:30]} 63. Kf3 {[%emt 0:00:30]} Nh4+ {[%emt 0:00:00]} 64. Ke4 {[%emt 0:00:00]} Kxg4 {[%emt 0:01:00]} 65. Ke5 {[%emt 0:00:00]} Kxh5 {[%emt 0:00:00]} 66. Kxe6 {[%emt 0:00:30]} 1/2-1/2

[Event "World Junior U20 Girls 2018"]
[Site "Gebze"]
[Date "2018.09.05"]
[Round "1"]
[White "Huttl, Sofie"]
[Black "Dwilewicz, Katarzyna"]
[Result "0-1"]
[WhiteElo "1727"]
[BlackElo "2081"]
[Annotator "NA"]
[PlyCount "47"]
[EventDate "2018.09.05"]
[EventType "swiss"]
[EventCountry "TUR"]
[SourceTitle "playchess.com"]
[Source "ChessBase"]
[SourceQuality "1"]
[TimeControl "40/5400+30:1800+30"]

1. e4 e5 2. Nf3 Nc6 3. Bc4 Nf6 4. Nc3 Nxe4 5. Nxe4 d5 6. Bd3 dxe4 7. Bxe4 Bd6 8. Bxc6+ bxc6 9. h3 O-O 10. O-O e4 11. Nh2 Qh4 12. Re1 Bd7 13. d3 f5 14. Qd2 {[%emt 1:22:22]} h6 15. b3 Rae8 16. Bb2 Bf4 17. Qe2 e3 18. Nf3 Qh5 19. Nd4 Qg6 20. Qf3 exf2+ 21. Kxf2 Qd6 22. Ne2 Re3 23. Qh5 Be8 24. Qh4 0-1

[Event "World Junior U20 Girls 2018"]
[Site "Gebze"]
[Date "2018.09.05"]
[Round "1"]
[White "Incecik, Seyma Zeynep"]
[Black "Nurgali, Nazerke"]
[Result "0-1"]
[WhiteElo "1716"]
[BlackElo "2080"]
[Annotator "NA"]
[PlyCount "92"]
[EventDate "2018.09.05"]
[EventType "swiss"]
[EventCountry "TUR"]
[SourceTitle "playchess.com"]
[Source "ChessBase"]
[SourceQuality "1"]
[TimeControl "40/5400+30:1800+30"]

1. b3 d5 2. Bb2 Nf6 3. e3 e6 4. Nf3 Be7 5. Be2 c5 6. O-O Nbd7 7. d4 O-O 8. c4 cxd4 9. Qxd4 dxc4 10. Bxc4 Nb6 11. Be2 Qxd4 12. Bxd4 Nbd5 13. Nbd2 b6 14. Rac1 Ba3 15. Rb1 Bb4 16. Rbc1 Bb7 17. Bc4 Rfd8 18. Rfd1 Rac8 19. Bb2 {[%emt 1:20:52]} Bc5 {[%emt 0:46:30]} 20. Be2 {[%emt 0:01:54]} h6 {[%emt 0:05:30]} 21. a3 {[%emt 0:01:07]} a5 {[%emt 0:04:30]} 22. Nc4 {[%emt 0:02:51]} Ne4 {[%emt 0:03:30]} 23. Nd4 {[%emt 0:01:28]} Kf8 {[%emt 0:12:30]} 24. Bf3 {[%emt 0:01:39]} Ng5 {[%emt 0:01:30]} 25. Bg4 {[%emt 0:02:01]} Ke7 {[%emt 0:03:30]} 26. Ne5 {[%emt 0:02:02]} Ne4 {[%emt 0:07:49]} 27. Be2 {[%emt 0:06:48]} Bxd4 {[%emt 0:05:36]} 28. Rxd4 {[%emt 0:00:08]} Rxc1+ {[%emt 0:00:51]} 29. Bxc1 {[%emt 0:00:04]} Nec3 {[%emt 0:00:23]} 30. Bh5 {[%emt 0:01:39]} g6 {[%emt 0:02:15]} 31. Bf3 {[%emt 0:00:17]} b5 {[%emt 0:01:10]} 32. Bb2 {[%emt 0:00:30]} Rc8 {[%emt 0:02:23]} 33. Rd3 {[%emt 0:01:29]} b4 {[%emt 0:00:26]} 34. a4 {[%emt 0:01:36]} Ba6 {[%emt 0:00:46]} 35. Rd2 {[%emt 0:00:07]} g5 {[%emt 0:03:11]} 36. h3 {[%emt 0:00:10]} Rc7 {[%emt 0:01:20]} 37. Kh2 {[%emt 0:00:05]} f6 {[%emt 0:01:01]} 38. Nd3 {[%emt 0:00:08]} Nb1 {[%emt 0:00:00]} 39. Rd1 {[%emt 0:00:59]} Ndc3 {[%emt 0:00:26]} 40. Bxc3 {[%emt 0:00:41]} Nxc3 {[%emt 0:00:00]} 41. Nxb4 {[%emt 0:04:55]} axb4 {[%emt 0:03:23]} 42. Rd4 {[%emt 0:00:30]} Na2 {[%emt 0:00:30]} 43. h4 {[%emt 0:01:30]} Rc3 {[%emt 0:01:30]} 44. h5 {[%emt 0:01:30]} Rxb3 {[%emt 0:04:30]} 45. Bc6 {[%emt 0:01:30]} Rd3 {[%emt 0:00:30]} 46. Re4 {[%emt 0:00:30]} b3 {[%emt 0:00:30]} 0-1

[Event "World Junior U20 Girls 2018"]
[Site "Gebze"]
[Date "2018.09.05"]
[Round "1"]
[White "Esti, Kubra Selenay"]
[Black "Lingur, Zalina"]
[Result "1/2-1/2"]
[WhiteElo "1662"]
[BlackElo "2061"]
[Annotator "NA"]
[PlyCount "68"]
[EventDate "2018.09.05"]
[EventType "swiss"]
[EventCountry "TUR"]
[SourceTitle "playchess.com"]
[Source "ChessBase"]
[SourceQuality "1"]
[TimeControl "40/5400+30:1800+30"]

1. d4 Nf6 2. Bf4 b6 3. e3 Bb7 4. Nf3 g6 5. h3 Bg7 6. Be2 d6 7. O-O O-O 8. c4 Nbd7 9. Nc3 e6 10. Bh2 a6 11. Rc1 Qe7 12. b4 Ne4 13. Nxe4 Bxe4 14. Nd2 Bb7 15. Bf3 Bxf3 16. Nxf3 Kh8 17. Qb3 e5 {[%emt 1:00:30]} 18. dxe5 {[%emt 1:06:00]} dxe5 {[%emt 0:00:30]} 19. Rfd1 {[%emt 0:02:30]} f5 {[%emt 0:07:30]} 20. Qa4 {[%emt 0:05:30]} Rfd8 {[%emt 0:08:30]} 21. Rd5 {[%emt 0:06:30]} f4 {[%emt 0:16:25]} 22. exf4 {[%emt 0:07:58]} e4 {[%emt 0:00:21]} 23. Ne5 {[%emt 0:04:41]} Nxe5 {[%emt 0:02:40]} 24. fxe5 {[%emt 0:01:59]} Rxd5 {[%emt 0:03:17]} 25. cxd5 {[%emt 0:00:01]} Bxe5 {[%emt 0:00:00]} 26. Bxe5+ {[%emt 0:02:35]} Qxe5 {[%emt 0:00:28]} 27. Qd7 {[%emt 0:03:08]} e3 {[%emt 0:01:19]} 28. Rxc7 {[%emt 0:00:57]} exf2+ {[%emt 0:01:30]} 29. Kxf2 {[%emt 0:00:06]} Rf8+ {[%emt 0:00:00]} 30. Kg1 {[%emt 0:00:13]} Qe3+ {[%emt 0:00:48]} 31. Kh2 {[%emt 0:01:06]} Qf4+ {[%emt 0:00:15]} 32. Kh1 {[%emt 0:00:46]} Qf1+ {[%emt 0:01:12]} 33. Kh2 {[%emt 0:00:30]} Qf4+ {[%emt 0:00:30]} 34. Kh1 {[%emt 0:00:00]} Qf1+ {[%emt 0:00:04]} 1/2-1/2

[Event "World Junior U20 Girls 2018"]
[Site "Gebze"]
[Date "2018.09.06"]
[Round "2"]
[White "Tsolakidou, Stavroula"]
[Black "Chu, Ruotong"]
[Result "1/2-1/2"]
[WhiteElo "2393"]
[BlackElo "2199"]
[Annotator "NA"]
[PlyCount "69"]
[EventDate "2018.09.05"]
[EventType "swiss"]
[EventCountry "TUR"]
[SourceTitle "playchess.com"]
[Source "ChessBase"]
[SourceQuality "1"]
[TimeControl "40/5400+30:1800+30"]

1. Nf3 {[%emt 0:00:30]} Nf6 {[%emt 0:01:30]} 2. c4 {[%emt 0:00:00]} g6 {[%emt 0:01:30]} 3. Nc3 {[%emt 0:00:00]} d5 {[%emt 0:00:30]} 4. cxd5 {[%emt 0:00:00]} Nxd5 {[%emt 0:00:00]} 5. h4 {[%emt 0:00:00]} Bg7 {[%emt 0:01:00]} 6. e4 {[%emt 0:00:30]} Nxc3 {[%emt 0:01:30]} 7. dxc3 {[%emt 0:00:30]} Qxd1+ {[%emt 0:00:30]} 8. Kxd1 {[%emt 0:00:00]} Nd7 {[%emt 0:06:30]} 9. Nd4 {[%emt 0:00:00]} Nc5 {[%emt 0:05:30]} 10. f3 {[%emt 0:02:30]} Ne6 {[%emt 0:11:30]} 11. Nb3 {[%emt 0:05:30]} Be5 {[%emt 0:06:30]} 12. Be3 {[%emt 0:06:30]} Bd7 {[%emt 0:19:30]} 13. a4 {[%emt 0:01:30]} h6 {[%emt 0:02:30]} 14. Bf2 {[%emt 0:15:30]} O-O-O {[%emt 0:08:30]} 15. Kc2 {[%emt 0:00:30]} Kb8 {[%emt 0:00:00]} 16. g3 {[%emt 0:05:30]} g5 {[%emt 0:00:00]} 17. Be2 {[%emt 0:02:30]} Rdf8 {[%emt 0:06:30]} 18. Nd2 {[%emt 0:03:30]} Nd8 {[%emt 0:06:33]} 19. Nc4 {[%emt 0:07:30]} Nc6 {[%emt 0:00:05]} 20. b4 {[%emt 0:19:30]} Be6 {[%emt 0:00:13]} 21. Nxe5 {[%emt 0:09:23]} Nxe5 {[%emt 0:00:30]} 22. Bc5 {[%emt 0:00:00]} Re8 {[%emt 0:09:34]} 23. hxg5 {[%emt 0:00:07]} hxg5 {[%emt 0:00:18]} 24. f4 {[%emt 0:00:30]} Rxh1 {[%emt 0:04:28]} 25. Rxh1 {[%emt 0:00:30]} gxf4 {[%emt 0:00:55]} 26. gxf4 {[%emt 0:00:00]} Bc4 {[%emt 0:04:31]} 27. Kd2 {[%emt 0:17:17]} Bxe2 {[%emt 0:00:30]} 28. Kxe2 {[%emt 0:00:00]} Nd7 {[%emt 0:00:30]} 29. Bf2 {[%emt 0:00:35]} f6 {[%emt 0:01:52]} 30. Rh7 {[%emt 0:02:01]} Kc8 {[%emt 0:00:27]} 31. Kf3 {[%emt 0:01:49]} a6 {[%emt 0:00:28]} 32. b5 {[%emt 0:01:17]} Nb6 {[%emt 0:00:29]} 33. Bxb6 {[%emt 0:00:26]} cxb6 {[%emt 0:00:04]} 34. bxa6 {[%emt 0:00:30]} bxa6 {[%emt 0:00:02]} 35. Ke3 {[%emt 0:00:28]} 1/2-1/2

[Event "World Junior U20 Girls 2018"]
[Site "Gebze"]
[Date "2018.09.06"]
[Round "2"]
[White "Assaubayeva, Bibisara"]
[Black "Varshini, V."]
[Result "1-0"]
[WhiteElo "2371"]
[BlackElo "2173"]
[Annotator "TA"]
[PlyCount "113"]
[EventDate "2018.09.05"]
[EventType "swiss"]
[EventCountry "TUR"]
[SourceTitle "playchess.com"]
[Source "ChessBase"]
[SourceQuality "1"]

{[%evp 19,113,18,31,8,31,28,43,19,12,24,24,18,16,0,0,0,0,0,0,0,14,22,18,20,20,27,51,43,45,22,29,0,0,0,27,27,33,0,0,0,0,0,8,6,37,33,25,16,37,37,32,20,29,8,25,8,52,41,277,177,369,362,310,314,310,310,309,309,300,205,268,251,309,303,295,295,285,246,390,380,516,511,497,469,539,502,1005,996,802,771,29981,29982,29982,29983,29983,29984]} 1. d4 d5 2. c4 e6 3. Nf3 Nf6 4. Nc3 Be7 5. Bg5 h6 6. Bh4 O-O 7. e3 b6 8. cxd5 exd5 9. Bd3 Bb7 10. O-O Nbd7 {LiveBook: 74 Partien} 11. Qa4 {D58: Damengambit (Tartakower-Variante)} (11. Qc2 c5 12. Rad1 Rc8 13. Bf5 g6 14. Bd3 c4 15. Be2 Re8 16. Ne5 Nf8 17. f4 a6 18. a4 Bc6 19. g4 b5 20. axb5 axb5 {½-½ (57) Riazantsev,A (2671)-Marin,M (2539) Tallinn 2016}) 11... a6 12. Bf5 c5 13. dxc5 $146 {Weiß steht etwas besser.} (13. Bxd7 $5 Nxd7 14. dxc5 Bxh4 15. c6 Bxf2+ 16. Rxf2 $11) ({Vorgänger:} 13. Bxd7 Nxd7 14. Bxe7 Qxe7 15. dxc5 b5 16. Qd4 Qxc5 17. Rfd1 Qxd4 18. Rxd4 Nf6 19. a3 Rac8 20. Rad1 Rc4 21. Ne5 Rxd4 22. Rxd4 Rc8 23. Nd3 Kf8 24. f3 Rc4 {½-½ (25) Cimo,A (1530)-Carbone,L (1820) Bresso 2007}) 13... Nxc5 14. Qd4 Ne6 15. Qd3 Nc5 16. Qe2 (16. Qc2 {feels hotter.} Qe8 17. Rac1 g6 18. Bd3 Rc8 19. Nd4) 16... Nfe4 17. Bxe7 Qxe7 18. Rac1 g6 19. Bh3 h5 20. Rfd1 Rad8 21. g3 Rfe8 22. Bg2 Qf6 23. Nd4 a5 24. Qf3 Qe7 25. h4 Rd6 {zielt auf ...Tf6 ab.} 26. Qe2 Ba6 27. Qc2 Red8 28. Nde2 (28. Nce2 {keeps more tension.} Bxe2 29. Qxe2 Rf6 30. Bf3 Qd7 31. Rf1) 28... Nxc3 29. bxc3 Bxe2 30. Qxe2 Ne4 31. Rd4 Rf6 32. Bxe4 dxe4 33. Qc4 Re8 34. Rcd1 Re6 35. Rd7 {[%cal Bd4d7,Bd7c7,Bc7c8][%mdl 32]} Qf6 36. Rc7 Qf5 37. Rc8 R6e7 38. Rdd8 $36 {[%mdl 2048] Weiss drückt.} Qe5 $2 (38... Rxd8 $14 39. Rxd8+ Kh7) 39. Qd4 Qe6 $2 (39... Rxd8 {war angesagt.} 40. Qxd8+ Kh7) 40. Rxe8+ $18 Rxe8 41. Rxe8+ Qxe8 42. Qxb6 {[%mdl 4096] Endspiel KD-KD} Qa4 43. Qb3 Qd7 44. Qc2 Qc6 45. c4 {[%cal Bc3c4,Bc4c5][%mdl 32]} a4 46. a3 Kf8 47. c5 Ke7 48. Qc4 $1 f5 {[#]} (48... f6 $142 49. Kf1 f5) 49. Kf1 $1 {[%cal Rf1e2]} Kd7 50. Ke2 Kc7 51. Kd2 Qd7+ 52. Kc2 Kb7 (52... Qd8 $142 53. Qf7+ Kc8) 53. Kc3 Qd1 54. Qb5+ Ka7 55. Qb6+ {Weiß setzt Matt.} Ka8 56. Qa6+ Kb8 {[#]} 57. Qd6+ $1 {Precision: Weiß = 70%, Schwarz = 33%.} 1-0